00626pab a2200193 454500008004000000100002600040245008400066260000900150300001500159362001200174650002800186650002300214650001500237773003900252908000600291909001100297999001900308952010500327180718b2013 xxu||||| |||| 00| 0 eng d aBhaumik, Sankar Kumar aThe changing employment scenarios in rural India in the era of economic reforms c2013 ap.349-371. aJul-Sep aEconomic reform - India aEmployment - India aEmployment aIndian Journal of Labour Economics aN a102929 c102927d102927 00104070aIIPAbIIPAd2018-07-19hVolume no: 56, Issue no: 3pAR103389r2018-07-19w2018-07-19yAR